CLASSIC DRUCKER FROM THE PAGES OF HARVAR (Record no. 11069)

MARC details
000 -LEADER
fixed length control field 00368nam a2200133Ia 4500
008 - FIXED-LENGTH DATA ELEMENTS--GENERAL INFORMATION
fixed length control field 240624s9999 xx 000 0 und d
041 ## - LANGUAGE CODE
Language code of text/sound track or separate title eng
082 ## - DEWEY DECIMAL CLASSIFICATION NUMBER
Classification number 658.4 DRU
100 ## - MAIN ENTRY--PERSONAL NAME
Personal name DRUCKER PETER FERDINAND
245 ## - TITLE STATEMENT
Title CLASSIC DRUCKER FROM THE PAGES OF HARVAR
260 ## - PUBLICATION, DISTRIBUTION, ETC.
Date of publication, distribution, etc. 2008
Place of publication, distribution, etc. Boston
Name of publisher, distributor, etc. Harvard Business School Press
300 ## - PHYSICAL DESCRIPTION
Extent 221 : p. : cm. ; 21
365 ## - TRADE PRICE
Currency code
Price amount 30
Holdings
Withdrawn status Lost status Damaged status Not for loan Home library Current library Shelving location Date acquired Source of acquisition Cost, normal purchase price Total Holds Full call number Barcode Date last seen Copy number Price effective from Koha item type
Store Books       IMTN IMTN Rack 27-A 10/15/2008 BWE 14.95 4962 658.4 DRU 11069 06/24/2024 48 06/24/2024 Books
Designed & Maintained by: LRC IMT Nagpur Contact: lrc@imtnag.ac.in© 2024. All Rights Reserved.